山西古建筑地图 Shanxi Ancient Architecture Map - Statistics

General Stats
  • This quiz has been taken 17 times
  • The average score is 11 of 35
Answers on the Map
Answers color-coded by a green-red scale on the quiz's map according to % correct below.
 
Answer Stats
地级市 古建筑 % Correct
朔州市 应县木塔
100%
太原市 太原晋祠
94%
大同市 浑源悬空寺
88%
大同市 大同华严寺
75%
运城市 解州关帝庙
75%
忻州市 五台佛光寺
75%
临汾市 隰县千佛庵
63%
大同市 大同善化寺
56%
临汾市 洪洞广胜寺
50%
晋中市 平遥双林寺
44%
忻州市 五台南禅寺
44%
运城市 芮城永乐宫
38%
运城市 万荣后土庙
38%
朔州市 朔州崇福寺
25%
晋中市 平遥镇国寺
25%
运城市 万荣东岳庙
25%
长治市 平顺大云院
19%
长治市 长子崇庆寺
19%
晋城市 晋城二仙庙
19%
晋城市 泽州青莲寺
19%
晋中市 介休祆神楼
19%
运城市 新绛绛州大堂
19%
吕梁市 文水则天庙
19%
长治市 平顺天台庵
13%
晋城市 泽州玉皇庙
13%
晋城市 陵川南北吉祥寺
13%
晋中市 榆次城隍庙
13%
晋中市 平遥城墙
13%
忻州市 繁峙岩山寺
13%
阳泉市 阳泉关王庙
6%
长治市 平顺龙门寺
6%
晋城市 高平姬氏民居
6%
临汾市 霍州州署大堂
6%
临汾市 临汾牛王庙戏台
0%
临汾市 襄汾丁村民居
0%
No matching quizzes found
Score Distribution
Percent of People with Each Score
Percentile by Number Answered
Your Score History
You have not taken this quiz